[Event "Muensterland Verbandsliga 1213"]
[Site "Germany"]
[Date "2013.02.02"]
[Round "6.4"]
[White "Keller, Dirk"]
[Black "Fuellborn, Dietrich"]
[Result "0-1"]
[WhiteElo "1974"]
[BlackElo "1781"]
[PlyCount "86"]
[EventDate "2012.09.22"]
[EventType "team-tourn"]
[EventRounds "9"]
[EventCountry "GER"]
[SourceTitle "EXT 2015"]
[Source "ChessBase"]
[SourceDate "2014.11.20"]
[SourceVersion "1"]
[SourceVersionDate "2014.11.20"]
[SourceQuality "1"]
[WhiteTeam "Nienberge"]
[BlackTeam "Ochtrup"]
[WhiteTeamCountry "GER"]
[BlackTeamCountry "GER"]

1. d4 d5 2. Nf3 c6 3. c4 Nf6 4. Nc3 g6 5. b3 Bg7 6. Bb2 0-0 7. e3 Re8 8. Ne5 e6 9. Bd3 b6 10. 0-0 Bb7 11. f4 Nbd7 12. Qf3 Nf8 13. Ba3 N6d7 14. e4 f6 15. Nxd7 Qxd7 16. cxd5 exd5 17. exd5 f5 18. dxc6 Bxd4+ 19. Kh1 Bxc6 20. Bc4+ Kg7 21. Bd5 Bxd5 22. Nxd5 Rad8 23. Nb4 Re3 24. Qf2 Rxb3 25. Qxd4+ Qxd4 26. axb3 Qd7 27. h3 Ne6 28. Bb2+ Kf7 29. Rac1 Nc5 30. Rfe1 a5 31. Na2 Nxb3 32. Rc2 Nc5 33. Rce2 Ne4 34. Kh2 Qd3 35. Re3 Qc4 36. Be5 Qxa2 37. Rc1 Rd7 38. Rc8 Qf2 39. Rf3 Qe1 40. Rh8 h5 41. Rh7+ Ke6 42. Rh6 Rd1 43. Rxg6+ Kd5 0-1

[Event "Muensterland Verbandsklasse-B 0910"]
[Site "Germany"]
[Date "2010.03.20"]
[Round "8.6"]
[White "Schley, Alfred"]
[Black "Fuellborn, Dietrich"]
[Result "1/2-1/2"]
[WhiteElo "1669"]
[BlackElo "1781"]
[PlyCount "46"]
[EventDate "2009.09.19"]
[EventType "team-tourn"]
[EventRounds "9"]
[EventCountry "GER"]
[SourceTitle "EXT 2011"]
[Source "ChessBase"]
[SourceDate "2010.11.26"]
[SourceVersion "1"]
[SourceVersionDate "2010.11.26"]
[SourceQuality "1"]
[WhiteTeam "Stadtlohn"]
[BlackTeam "Ochtrup"]
[WhiteTeamCountry "GER"]
[BlackTeamCountry "GER"]

1. e4 e6 2. d4 d5 3. Nd2 Nf6 4. e5 Nfd7 5. Ngf3 c5 6. dxc5 Bxc5 7. Bd3 Nc6 8. Qe2 f6 9. Nb3 0-0 10. 0-0 Ncxe5 11. Nxe5 fxe5 12. Nxc5 Nxc5 13. Qxe5 Nxd3 14. cxd3 Rf5 15. Qg3 e5 16. Re1 Qf6 17. Bd2 Bd7 18. f3 Re8 19. Rac1 Bc6 20. d4 Kf7 21. dxe5 Rfxe5 22. Rxe5 Qxe5 23. Qxe5 Rxe5 1/2-1/2

[Event "Muensterland Verbandsklasse-B 0809"]
[Site "Germany"]
[Date "2009.03.28"]
[Round "8.7"]
[White "Ter Veen, Michael"]
[Black "Fuellborn, Dietrich"]
[Result "0-1"]
[WhiteElo "1748"]
[BlackElo "1782"]
[PlyCount "74"]
[EventDate "2008.09.13"]
[EventType "team-tourn"]
[EventRounds "9"]
[EventCountry "GER"]
[SourceTitle "EXT 2010"]
[Source "ChessBase"]
[SourceDate "2010.11.25"]
[SourceVersion "1"]
[SourceVersionDate "2010.11.25"]
[SourceQuality "1"]
[WhiteTeam "Muenster Indische Dame"]
[BlackTeam "Ochtrup"]
[WhiteTeamCountry "GER"]
[BlackTeamCountry "GER"]

1. c4 Nf6 2. d4 e6 3. Nc3 d5 4. Bg5 Be7 5. Nf3 0-0 6. e3 Nbd7 7. Bd3 c5 8. cxd5 Nxd5 9. Bxe7 Nxe7 10. 0-0 cxd4 11. Nxd4 Nc5 12. Bc2 e5 13. Ndb5 Be6 14. Nd6 Qb6 15. Nde4 Rfd8 16. Qh5 Nxe4 17. Bxe4 f5 18. Bf3 e4 19. Be2 Qxb2 20. Nb5 Bf7 21. Rab1 Qxb1 22. Qxf7+ Kxf7 23. Rxb1 Rac8 24. Nd4 b6 25. g4 Kf6 26. h4 g5 27. hxg5+ Kg6 28. gxf5+ Nxf5 29. Nxf5 Kxf5 30. a4 Rc5 31. Kg2 Rd2 32. Bb5 Rcc2 33. Rf1 Kxg5 34. Kg3 h5 35. f4+ exf3 36. Kxf3 Kf5 37. Ba6 h4 0-1

[Event "Muensterland Verbandsklasse-B 0809"]
[Site "Germany"]
[Date "2009.02.07"]
[Round "6.5"]
[White "Fuellborn, Dietrich"]
[Black "Langendijk, Andre"]
[Result "0-1"]
[WhiteElo "1782"]
[BlackElo "1925"]
[PlyCount "56"]
[EventDate "2008.09.13"]
[EventType "team-tourn"]
[EventRounds "9"]
[EventCountry "GER"]
[SourceTitle "EXT 2010"]
[Source "ChessBase"]
[SourceDate "2010.11.25"]
[SourceVersion "1"]
[SourceVersionDate "2010.11.25"]
[SourceQuality "1"]
[WhiteTeam "Ochtrup"]
[BlackTeam "Gronau"]
[WhiteTeamCountry "GER"]
[BlackTeamCountry "GER"]

1. d4 Nf6 2. Nf3 c5 3. Nc3 cxd4 4. Nxd4 Nc6 5. Nxc6 bxc6 6. e4 e5 7. a3 Bc5 8. Bd3 0-0 9. 0-0 a5 10. Na4 Bd4 11. c3 Ba7 12. Qe2 d6 13. Be3 Be6 14. Bxa7 Rxa7 15. c4 Nd7 16. Rac1 c5 17. Nc3 Nb8 18. f4 Nc6 19. f5 Bc8 20. f6 gxf6 21. Nd5 f5 22. exf5 f6 23. Ne3 Rg7 24. Qh5 Rg5 25. Qh4 Nd4 26. g4 Bb7 27. Qf2 Nf3+ 28. Kg2 Ne1+ 0-1

[Event "Muensterland Verbandsklasse-A 0708"]
[Site "Germany"]
[Date "2007.09.15"]
[Round "1.6"]
[White "Fuellborn, Dietrich"]
[Black "Diehlmann, Christian"]
[Result "0-1"]
[WhiteElo "1795"]
[BlackElo "1885"]
[PlyCount "58"]
[EventDate "2007.09.22"]
[EventType "team"]
[EventRounds "9"]
[EventCountry "GER"]
[SourceTitle "EXT 2009"]
[Source "ChessBase"]
[SourceDate "2008.11.26"]
[SourceVersion "1"]
[SourceVersionDate "2008.11.26"]
[SourceQuality "1"]
[WhiteTeam "Ochtrup"]
[BlackTeam "Ahaus Wessum"]
[WhiteTeamCountry "GER"]
[BlackTeamCountry "GER"]

1. d4 Nf6 2. Nf3 c5 3. g3 e6 4. Bg2 d5 5. 0-0 Be7 6. c4 0-0 7. cxd5 Nxd5 8. e4 Nf6 9. Nc3 Nc6 10. d5 exd5 11. exd5 Nb4 12. Ne5 Bd6 13. Nc4 Bf5 14. Nxd6 Qxd6 15. Bf4 Qb6 16. b3 Rfe8 17. Qd2 Rad8 18. Rfe1 Nd3 19. Rxe8+ Rxe8 20. Bf1 Nxf4 21. Qxf4 Bg6 22. Bb5 Rd8 23. Bc4 a6 24. Na4 Qa5 25. Rd1 b5 26. Nxc5 Qb6 27. b4 bxc4 28. Qxc4 Qb5 29. Qb3 Qe2 0-1

[Event "Muensterland Verbandsklasse-B 0607"]
[Site "Germany"]
[Date "2006.12.09"]
[Round "4.4"]
[White "Fuellborn, Dietrich"]
[Black "Rebber, Christian"]
[Result "1/2-1/2"]
[WhiteElo "1799"]
[BlackElo "1854"]
[PlyCount "92"]
[EventDate "2006.09.23"]
[EventType "team"]
[EventRounds "9"]
[EventCountry "GER"]
[SourceTitle "EXT 2008"]
[Source "ChessBase"]
[SourceDate "2007.11.25"]
[SourceVersion "1"]
[SourceVersionDate "2007.11.25"]
[SourceQuality "1"]
[WhiteTeam "Ochtrup"]
[BlackTeam "Ahaus Wessum"]
[WhiteTeamCountry "GER"]
[BlackTeamCountry "GER"]

1. e4 c5 2. Nf3 Nc6 3. d4 cxd4 4. Nxd4 Nf6 5. Nc3 d6 6. Be2 e6 7. Be3 Be7 8. Qd2 d5 9. exd5 Nxd5 10. Nxd5 exd5 11. 0-0 0-0 12. Rfd1 Nxd4 13. Bxd4 Be6 14. Bf3 Qc8 15. Qe2 Bc5 16. c3 Rd8 17. Qe5 f6 18. Qe3 Bxd4 19. Rxd4 Bf7 20. Rad1 Qc5 21. Bxd5 Bxd5 22. Rxd5 Qf8 23. Qe6+ Kh8 24. Rxd8 Rxd8 25. Rxd8 Qxd8 26. g3 h6 27. c4 b6 28. Qe2 Qd4 29. Qc2 a5 30. a3 Qc5 31. Qc3 a4 32. b4 axb3 33. Qxb3 Kg8 34. Qb4 Qd4 35. a4 Kf7 36. Qb5 Ke7 37. Qc6 g5 38. Kg2 h5 39. h3 Qd6 40. Qe4+ Kd8 41. a5 bxa5 42. Qa8+ Kd7 43. Qxa5 Qc6+ 44. Kh2 Qxc4 45. Qf5+ Ke7 46. Qh7+ Qf7 1/2-1/2